| 000 | 00919nam a22002777a 4500 | ||
|---|---|---|---|
| 001 | 6261 | ||
| 003 | FISKH | ||
| 005 | 20250407135126.0 | ||
| 008 | 250407b cb ||||| |||| 00| 0 eng d | ||
| 040 |
_aFISKH _beng _cFISKH _dFISKH |
||
| 050 | _a PZ7.M992 S | ||
| 082 | _a813.54 | ||
| 100 |
_aMyers, Dean Walter _d (1937–2014) |
||
| 245 |
_aSlam! / _cWalter Dean Myers |
||
| 250 | _aThis edition first published in 1996 | ||
| 260 |
_aNew York : _bScholastic, _c1996 |
||
| 300 |
_a266 pages : _c18 cm |
||
| 505 | _aR | ||
| 520 | _aSixteen-year-old "Slam" Harris is counting on his noteworthy basketball talents to get him out of the inner city and give him a chance to succeed in life, but his coach sees things differently. | ||
| 521 | 8 |
_a750
_bLexile |
|
| 521 | 8 |
_aR
_bRaz-Plus |
|
| 650 |
_2African American _aRealistic fiction |
||
| 650 |
_2Fiction _aSchool |
||
| 942 |
_2ddc _cBK _n0 |
||
| 999 |
_c6261 _d6261 |
||